| 000 | 00731nam a2200217 a 4500 | ||
|---|---|---|---|
| 999 |
_c6784 _d6784 |
||
| 001 | 6784 | ||
| 003 | BD-JhCC | ||
| 005 | 20180130102654.0 | ||
| 008 | 180124s1998 bg a|||| ||a| 000 0 ben d | ||
| 035 | _a(BD-JhCC)6784 | ||
| 040 |
_aBD-JhCC _dBD-JhCC |
||
| 041 | _aben | ||
| 082 |
_a004 _bJAB 1998 |
||
| 100 | _aজব্বার, মোস্তফা | ||
| 245 |
_aউচ্চ মাধ্যমিক কম্পিউটার শিক্ষা প্রথম পত্র / _cমোস্তফা জব্বার, |
||
| 260 |
_aঢাকা : _bআনন্দ কম্পিইটার্স, _c1998 |
||
| 300 |
_a170 p. : _c24 cm. |
||
| 650 |
_aSystems _xComputer Science |
||
| 942 |
_2ddc _cBK |
||